<?xml version="1.0" encoding="UTF-8"?>
<record
    xmlns:xsi="http://www.w3.org/2001/XMLSchema-instance"
    xsi:schemaLocation="http://www.loc.gov/MARC21/slim http://www.loc.gov/standards/marcxml/schema/MARC21slim.xsd"
    xmlns="http://www.loc.gov/MARC21/slim">

  <leader>00586nam a22001817a 4500</leader>
  <controlfield tag="005">20240130101523.0</controlfield>
  <controlfield tag="008">240130b        |||||||| |||| 00| 0 eng d</controlfield>
  <datafield tag="020" ind1=" " ind2=" ">
    <subfield code="a">9780409129212 ; 9780409077771</subfield>
  </datafield>
  <datafield tag="041" ind1=" " ind2=" ">
    <subfield code="a">English </subfield>
  </datafield>
  <datafield tag="082" ind1=" " ind2=" ">
    <subfield code="a">344.5 DAV </subfield>
  </datafield>
  <datafield tag="100" ind1=" " ind2=" ">
    <subfield code="a">Davey, R and Dahms-Jansen, L </subfield>
    <subfield code="l">English </subfield>
  </datafield>
  <datafield tag="245" ind1=" " ind2=" ">
    <subfield code="a">Social Media in the Workplace / </subfield>
    <subfield code="c">R Davey and L Dahms-Jansen </subfield>
  </datafield>
  <datafield tag="250" ind1=" " ind2=" ">
    <subfield code="a">First Edition </subfield>
  </datafield>
  <datafield tag="260" ind1=" " ind2=" ">
    <subfield code="a">Durban :</subfield>
    <subfield code="b">LexisNexis (Pty) Ltd, </subfield>
    <subfield code="c">2017 </subfield>
  </datafield>
  <datafield tag="300" ind1=" " ind2=" ">
    <subfield code="b">x, 342 pages ; </subfield>
    <subfield code="c">25 cm. </subfield>
  </datafield>
  <datafield tag="650" ind1=" " ind2=" ">
    <subfield code="a">Legal practice </subfield>
    <subfield code="b">Law</subfield>
  </datafield>
  <datafield tag="942" ind1=" " ind2=" ">
    <subfield code="c">BK</subfield>
    <subfield code="6">ALISON_BN_VRUES</subfield>
  </datafield>
  <datafield tag="999" ind1=" " ind2=" ">
    <subfield code="c">1298</subfield>
    <subfield code="d">1298</subfield>
  </datafield>
  <datafield tag="952" ind1=" " ind2=" ">
    <subfield code="0">0</subfield>
    <subfield code="1">0</subfield>
    <subfield code="2">ddc</subfield>
    <subfield code="4">0</subfield>
    <subfield code="6">344_500000000000000_DAV</subfield>
    <subfield code="7">0</subfield>
    <subfield code="8">TXBK</subfield>
    <subfield code="9">2049</subfield>
    <subfield code="a">LSN</subfield>
    <subfield code="b">LSN</subfield>
    <subfield code="c">MEDL</subfield>
    <subfield code="d">2024-01-30</subfield>
    <subfield code="l">0</subfield>
    <subfield code="o">344.5 DAV </subfield>
    <subfield code="p">LSN/2022/74</subfield>
    <subfield code="r">2025-01-21 00:00:00</subfield>
    <subfield code="w">2024-01-30</subfield>
    <subfield code="y">BK</subfield>
  </datafield>
</record>
